000 01120nam a2200349 c 4500
001 58265
003 CO-BoRNBP
005 20250820215040.0
007 ta
008 160801s2008 sp a er 000 f spa d
020 _a9788420633411
040 _aCO-BoRNBP
_bspa
_erda
_cCO-BoRNBP
041 1 _aspa
_hger
043 _ae-gx----
084 _aN
100 _aHesse, Hermann,
_d1877-1962
_eaut
_962772
245 1 3 _aEl lobo estepario /
_cHermann Hesse ; traducido por Manuel Manzanares.
250 _aPrimera edición
264 1 _aMadrid, España :
_bAlianza Editorial,
_c2008
300 _a248 páginas
336 _atexto
_btxt
_2rdacontent
337 _asin mediación
_bn
_2rdamedia
338 _avolumen
_bnc
_2rdacarrier
490 0 _aLibro de bolsillo.
_aBiblioteca de autor
_vVA0520
521 1 _aRecomendado para un público mayor de 15 años
534 _tDer steppenwolf
650 0 7 _aExistencialismo en la literatura
_2lemb
_962773
650 0 4 _aNovela alemana
_2LEMB
_92669
650 0 4 _aLiteratura alemana
_ysiglo xix
_2LEMB
_962774
700 1 _aManzanares, Miguel
_etrl
_962775
942 _2loc
_cBKLIT
999 _c58265
_d58265